[Event "IIFL Wealth 4th Mumbai GM"]
[Site "Mumbai"]
[Date "2019.01.07"]
[Round "9"]
[White "Khusenkhojaev, Muhammad"]
[Black "Saurabh Anand"]
[Result "1-0"]
[WhiteElo "2455"]
[BlackElo "2246"]
[Annotator "TA"]
[PlyCount "119"]
[EventDate "2018.12.30"]
[EventType "swiss"]
[EventCountry "IND"]
[SourceTitle "playchess.com"]
[Source "ChessBase"]
[SourceQuality "1"]

{[%evp 18,119,0,0,35,34,38,37,31,29,39,15,20,12,20,22,27,37,33,22,27,22,27,17,29,20,22,24,31,13,21,13,50,15,16,21,25,23,33,29,229,237,427,429,379,341,484,479,537,334,389,345,341,301,345,347,426,419,419,418,402,388,364,293,278,240,325,313,580,537,729,707,736,720,1249,1217,1152,445,429,429,493,507,556,577,525,551,685,648,811,666,664,659,655,669,657,650,628,592,1059,981,935,882,777,731]} 1. c4 e6 2. Nc3 d5 3. d4 Be7 4. Nf3 Nf6 5. cxd5 exd5 6. Bg5 c6 7. Qc2 g6 8. e3 Bf5 9. Bd3 Bxd3 10. Qxd3 {LiveBook: 665 Games} Nh5 {D36: Queen's Gambit Declined: Exchange Variation: Main line (5 Bg5 c6 6 Qc2)} (10... Nbd7 11. Bh6 Ng4 12. Bf4 O-O 13. O-O Re8 14. Rab1 a5 15. Qc2 Nb6 16. h3 Nf6 17. Ne5 Nfd7 18. Nd3 Nc4 19. Rbc1 {½-½ (71) Nguyen,N (2629)-Adhiban,B (2677) Tbilisi 2017}) 11. Bh6 Bf8 12. Bxf8 Kxf8 {White is slightly better.} 13. O-O $146 ({Predecessor:} 13. b4 Qe7 14. O-O Qxb4 15. Rab1 Qe7 16. e4 dxe4 17. Nxe4 Kg7 18. Rfe1 {1-0 (32) Reshevsky,S-Berliner,H New York,NY 1962}) 13... Kg7 14. b4 a6 15. a4 Qd6 16. b5 axb5 17. axb5 Nd7 18. Rfb1 Nhf6 19. h3 Rhc8 20. bxc6 bxc6 21. Ra6 Rxa6 22. Qxa6 Rb8 23. Rc1 Rb6 24. Qa7 Rb3 25. Qa4 Rb6 26. Ne2 Ne4 27. Nf4 h5 28. Nd3 f6 $2 (28... Qc7 $11) 29. Qa7 $18 Qe7 $2 (29... Kh6 30. Nc5 Nxf2) 30. Nc5 Nexc5 31. dxc5 Rb3 (31... Rb8 {keeps fighting.} 32. Nd4 Qe8 33. Nxc6 Ra8) 32. Qc7 Kh6 33. Qxc6 {[#] Strongly threatening Qc7.} Rxe3 34. Qxd5 ({Worse is} 34. fxe3 Qxe3+ 35. Kh2 Qf4+ 36. g3 Qxc1 $11) 34... Re6 35. c6 Nb6 36. Qd2+ Kh7 37. c7 Rd6 38. Qc2 Nc8 39. Nh4 Qf7 40. Nf5 Rd7 41. Ng3 f5 42. Nf1 f4 $2 (42... Qe7 43. Qc3 Qd6) 43. Nh2 {White is clearly winning.} Rd5 44. Nf3 Qf5 45. Qc6 Qd7 {[#]} 46. Ng5+ $1 {[%mdl 512]} Kh6 (46... Rxg5 47. Qxd7+) 47. Qxd7 (47. Qf6 $142 {White threatens Nf7+ and mate.} Qe8 48. Ne6) 47... Rxd7 {[%mdl 4096] Endgame KRN-KRN} 48. h4 Re7 49. Rc6 f3 50. Nxf3 Kg7 51. Ng5 Re8 52. g3 Na7 53. Ra6 Nc8 54. Ne6+ Kf7 55. Nd8+ Ke7 56. Rxg6 Kd7 57. Rg7+ Re7 58. Rxe7+ Nxe7 59. Kg2 Kxc7 60. Ne6+ {Accuracy: White = 66%, Black = 39%.} 1-0

[Event "IIFL Wealth 4th Mumbai GM"]
[Site "Mumbai"]
[Date "2019.01.07"]
[Round "9"]
[White "Das, Sayantan"]
[Black "Rajesh, V A V"]
[Result "1/2-1/2"]
[WhiteElo "2453"]
[BlackElo "2402"]
[Annotator "TA"]
[PlyCount "226"]
[EventDate "2018.12.30"]
[EventType "swiss"]
[EventCountry "IND"]
[SourceTitle "playchess.com"]
[Source "ChessBase"]
[SourceQuality "1"]

{[%evp 19,226,-10,-26,-35,-28,-66,0,-24,0,-16,-8,-2,0,-9,0,-6,0,-35,-19,-12,11,2,28,0,12,0,0,0,0,0,0,0,12,10,8,8,3,11,90,92,129,124,122,122,111,111,124,99,99,98,112,102,121,121,87,83,169,176,190,182,177,172,175,156,227,216,358,365,309,198,238,236,212,0,0,0,0,0,0,0,0,0,0,-39,-39,-39,-39,-39,-39,-39,-39,-39,-39,-39,-39,-65,-65,-65,-58,-81,-45,-58,-58,-58,-58,-58,-58,-97,-97,-97,-97,-97,-97,-97,-90,-97,-83,-83,-83,-83,-83,-83,-83,-83,-83,-83,-83,-83,-83,-83,-83,-83,-82,-82,-82,-82,-82,-82,-82,-82,-82,-82,-82,-82,-82,-82,-82,-82,0,-82,-82,-82,-82,-82,0,-82,0,-82,-82,-82,-82,-82,-82,-82,-82,-82,0,0,0,0,0,0,0,-82,0,0,0,-82,-82,-82,-82,-82,-82,-82,-82,-82,-82,-82,-82,-82,-82,-82,-82,-82,-82,-82,0,-82,-82,-82,-82,-82,-82,-82,-82,-82,0,-83,0]} 1. c4 Nf6 2. Nc3 e5 3. Nf3 Nc6 4. e3 Bb4 5. Qc2 d6 6. Nd5 {A28: English Opening: Four Knights Variation} (6. a3 Bxc3 7. Qxc3 Bg4 8. b4 O-O 9. Bb2 Re8 10. h3 Bxf3 11. gxf3 d5 12. O-O-O d4 13. Qc2 Qd7 {1-0 (37) Duda,J (2724)-Eljanov,P (2702) Brest 2018}) 6... Ba5 7. a3 Nxd5 8. cxd5 Ne7 9. Bc4 O-O 10. b4 Bb6 {LiveBook: 4 Games} 11. Bb2 Bf5 12. d3 Qd7 (12... Bg4 $15) 13. h3 $146 ({Predecessor:} 13. O-O Ng6 {1-0 (47) Brown,M (2514)-Wang,J (2391) Greensboro 2018}) 13... c6 14. dxc6 bxc6 15. O-O Ng6 16. Bb3 Rac8 17. Qe2 Rfe8 18. Rac1 d5 19. Rfd1 d4 20. Ng5 Re7 21. Qf3 dxe3 22. fxe3 h6 $1 {[%cal Rh6g5]} 23. Ne4 $36 {[%mdl 2048] White has some pressure.} Be6 24. Bxe6 Qxe6 25. Nc5 Qd5 26. Qxd5 cxd5 27. d4 exd4 28. Bxd4 ({Of course not} 28. Rxd4 Rxe3 29. Kf1 Rce8 $17) 28... Ne5 (28... Rec7 $11) 29. a4 $1 $16 {[%cal Ba3a4,Ba4a5][%mdl 32]} Nc4 30. a5 Bc7 {[#]} 31. e4 $1 {[%mdl 512]} Bf4 (31... dxe4 32. Rxc4) 32. Rc3 Rb8 33. Na6 Rd8 34. exd5 Nd2 35. Bc5 $1 {[%cal Rc5e7]} Re2 36. Rd3 Nc4 {next ...Nb2 is good for Black.} 37. Rf3 (37. Bxa7 Ra8 $11) 37... Be3+ (37... g5 $16) 38. Kh1 $18 Bxc5 39. bxc5 {[%cal Bb4c5,Bc5c6][%mdl 32]} Nxa5 40. Rfd3 {Black must now prevent c6.} Rc2 41. Rb1 Kh7 (41... g5 $16 {was necessary.} 42. d6 Nc6) 42. Re1 $1 Rd7 (42... h5 $142 43. Re7 Kg6) 43. Ra1 Nc4 44. c6 Rd6 45. Nb4 $1 {[%csl LRa7,LRc2]} Rb2 46. Rxa7 $2 (46. c7 $18 Nb6 47. Nc6) 46... Rxb4 $11 47. c7 Nb6 {And now ...Rb1+ would win.} 48. Rc3 Re4 ({Reject} 48... Rxd5 $6 49. Rb7 $16) 49. Ra8 {Strongly threatening Rd8.} Re7 {Threatens to win with ...Rxc7.} 50. Rb8 Rdd7 51. Kh2 (51. Rxb6 {seems wilder.} Rxc7 52. Rd3 Rcd7 53. d6 Re5 54. Kh2) 51... Rxc7 52. Rxc7 Rxc7 53. Rxb6 $15 {[%mdl 4096] Endgame KR-KR} Rd7 54. Rb5 Kg6 55. Kg3 Kf5 56. Kf3 Ke5 57. Ra5 Rxd5 58. Ra7 Ke6 59. Rb7 g6 60. Ra7 Rd3+ 61. Ke2 Rc3 (61... Rb3 {looks sharper.} 62. Ra6+ Kf5 63. Ra7 Kf6 64. Ra6+ Kg5) 62. Kf2 h5 {[%cal Bh6h5,Bh5h4][%mdl 32]} 63. Rb7 h4 64. Rb6+ Kf5 65. Rb5+ Kf6 $1 66. Rb6+ Kg5 67. Rb5+ f5 68. Rb6 Kh5 69. Kg1 Rc2 70. Ra6 Re2 71. Rf6 Kh6 (71... Rb2 {with more complications.} 72. Rc6 Rd2 73. Ra6 Kg5 74. Rb6 Re2) 72. Ra6 Kg7 73. Ra4 Re4 74. Ra6 Kf7 75. Kf2 Re6 76. Ra4 g5 77. Ra5 Kf6 78. Kf3 Rd6 79. Ke3 Ke6 80. Rb5 Rc6 81. Rb3 Kd5 82. Ra3 Rc5 83. Kf3 Kd4 ({Better is} 83... Rb5 $17 84. Re3 Rb4) 84. Ra4+ (84. Ra6 $1 $11) 84... Ke5 $17 85. Ra3 Rb5 86. Re3+ Kd4 (86... Kf6 $1 $17 87. Ra3 Rc5) 87. Ra3 (87. Re8 $1 $11) 87... Ke5 88. Re3+ {[#]} Kf6 $1 89. Ra3 Kg6 90. Ra6+ Kh5 91. Ra3 Rb4 92. Ra5 Rf4+ (92... Rb3+ $17 93. Kf2 f4) 93. Ke3 Re4+ 94. Kf3 Kg6 95. Ra6+ $1 Kf7 96. Ra7+ {[#]} (96. Ra5 $11 Kf6 97. Ra8) 96... Kf6 ({Black should try} 96... Re7 $1 $17 {[%cal Re7a7]} 97. Ra5 Kf6) 97. Ra6+ $11 Re6 (97... Kg7 $11) 98. Ra5 $17 Kg6 99. Rb5 Rc6 100. Rb3 Rc4 101. Rb6+ Kf7 102. Rb7+ Ke6 103. Rb6+ Kd5 104. Rg6 Rc3+ 105. Kf2 Rg3 106. Ra6 f4 107. Ra5+ Ke4 (107... Ke6 $17) 108. Ra4+ (108. Rb5 $11) 108... Kf5 109. Ra5+ Kg6 110. Ra6+ Kh5 111. Rf6 Ra3 112. Rb6 Rg3 113. Rf6 $1 Ra3 {Accuracy: White = 66%, Black = 58%.} ({Black should play} 113... Rb3 $17) 1/2-1/2

[Event "IIFL Wealth 4th Mumbai GM"]
[Site "Mumbai"]
[Date "2019.01.07"]
[Round "9"]
[White "Akash G"]
[Black "Safranska, Anda"]
[Result "1-0"]
[WhiteElo "2443"]
[BlackElo "2189"]
[Annotator "TA"]
[PlyCount "35"]
[EventDate "2018.12.30"]
[EventType "swiss"]
[EventCountry "IND"]
[SourceTitle "playchess.com"]
[Source "ChessBase"]
[SourceQuality "1"]

{[%evp 1,1,31]} 1. e4 {Predecessor:} c5 $146 2. Nf3 Nc6 3. Bb5 g6 4. Bxc6 bxc6 5. O-O Bg7 6. c3 Nh6 7. Re1 O-O 8. d4 cxd4 9. cxd4 d5 10. e5 f6 11. e6 Qd6 12. Qe2 c5 13. Nc3 Nf5 14. dxc5 Qxc5 15. Qb5 Qc4 16. Bd2 Rd8 17. b3 Qxb5 18. Nxb5 {1-0 (38) Bosiocic,M (2591)-Lenic,L (2657) Slovenia 2018} 1-0

[Event "IIFL Wealth 4th Mumbai GM"]
[Site "Mumbai"]
[Date "2019.01.07"]
[Round "9"]
[White "Czebe, Attila"]
[Black "Mohota, Nisha"]
[Result "1-0"]
[WhiteElo "2417"]
[BlackElo "2264"]
[Annotator "TA"]
[PlyCount "118"]
[EventDate "2018.12.30"]
[EventType "swiss"]
[EventCountry "IND"]
[SourceTitle "playchess.com"]
[Source "ChessBase"]
[SourceQuality "1"]

{[%evp 11,118,7,22,12,19,18,93,84,114,108,100,106,132,120,98,75,93,53,65,33,80,43,43,0,0,0,5,0,28,6,6,6,6,6,6,6,6,0,11,11,13,-42,-31,-34,-34,-30,0,-94,-99,-75,-81,-67,0,-31,0,0,0,0,0,0,0,0,0,0,174,139,253,241,202,54,5,0,349,214,296,215,389,500,516,377,387,331,316,195,164,29,56,37,292,247,236,0,0,0,1196,1166,752,1020,5214,13,511,391,879,732,4622,2502,29977,29973,29979]} 1. c4 Nf6 2. Nf3 e6 3. b3 d5 4. Bb2 b6 (4... c5 5. cxd5 exd5 6. g3 Nc6 7. Bg2 d4 8. O-O Be7 9. Na3 O-O 10. Nc4 Bf5 11. Rc1 Rc8 12. Nfe5 Nxe5 13. Nxe5 {½-½ (55) So,W (2780)-Aronian,L (2767) Saint Louis 2018}) 5. g3 Bb7 6. Bg2 {A13: English Opening: 1...e6} c5 {LiveBook: 6 Games} 7. cxd5 exd5 8. O-O {The position is equal.} d4 (8... Be7 $11) 9. e3 $146 ({Predecessor:} 9. b4 Nbd7 10. d3 Be7 11. bxc5 bxc5 {0-1 (43) Galmandakh,B-Munkhgal,G (2318) Ulaanbaatar 2011}) 9... dxe3 10. dxe3 Qxd1 11. Rxd1 Nbd7 12. Nc3 Be7 13. e4 O-O-O 14. Ng5 Rhf8 $1 15. Nb5 {[%cal Bc3b5,Bb5a3,Ba3c4][%mdl 32]} h6 16. Nh3 Bxe4 17. Bxe4 Nxe4 18. Bxg7 Rg8 19. Bb2 (19. Nxa7+ $2 Kb7 $19) (19. Bxh6 a6 $17) 19... a6 20. Na3 Bf6 $132 {[%mdl 2048] Black is not keeping still} 21. Bxf6 Ndxf6 22. Nc4 Kc7 23. Nf4 Rge8 24. Kg2 Nc3 25. Rxd8 Rxd8 26. a3 ({White should try} 26. h4 $11) 26... b5 $15 27. Ne5 Rd2 28. Nxf7 Ng4 29. Kh3 (29. Re1 $11) 29... Nxf2+ $17 30. Kh4 Nfe4 31. h3 Rb2 32. b4 c4 33. Nxh6 Nb1 34. Nf5 c3 35. Nd5+ Kc6 36. Nde3 Ned2 {Threatening ...Nb3.} 37. Nd4+ Kd7 $2 (37... Kd6 $11) 38. g4 $1 $18 Nb3 (38... Nc4 $16 39. Nxc4 bxc4) 39. Nxb3 Rxb3 {[%mdl 4096] Endgame KRN-KRN} 40. Kg5 (40. g5 $1 $18) 40... Ke6 $14 41. h4 {[%cal Bh3h4,Bh4h5,Bh5h6][%mdl 32] Threatens to win with h5.} Rb2 $2 {[%mdl 8192]} (41... Ke5 $1 $11 {and Black has nothing to worry.}) 42. h5 {aiming for Kg6.} Kf7 43. h6 Kg8 $2 (43... Rb3 44. Ra2 Nd2) 44. Kg6 $1 $18 Re2 45. Rxb1 {White threatens Rf1 and mate.} Rxe3 {KR-KR} 46. Rc1 Re6+ 47. Kf5 Rc6 48. Ke4 (48. Rc2 $18) 48... Kh7 49. g5 {And now Kd3 would win.} Kg6 $2 {[%mdl 8192]} ({Better is} 49... c2 $1 $14) 50. Kd3 Kxg5 51. Rh1 $2 ({Much less strong is} 51. Rxc3 $6 Rxh6 52. Kd4 Kg4 $16) (51. h7 $18 Rh6 52. Rxc3) 51... c2 $1 $11 {[%cal Rc2c1]} 52. h7 Rc8 $2 {[%mdl 8192]} (52... Rh6 $11 53. Rxh6 c1=Q 54. Rh5+ (54. h8=Q Qc4+ 55. Ke3 Qf4+ 56. Kd3 Qc4+ 57. Kd2 Qf4+ 58. Ke2 Qe4+ 59. Kd2 Qf4+ 60. Kd3 Qc4+ $11) 54... Kg4 55. Rh4+ (55. h8=Q Qc4+ 56. Ke3 Qf4+ 57. Ke2 Qc4+ 58. Ke1 Qe4+ 59. Kf2 Qf3+ 60. Kg1 Qe3+ 61. Kh2 Qd2+ 62. Kg1 Qc1+ 63. Kg2 Qd2+ 64. Kg1 Qe1+ 65. Kh2 Qg3+ 66. Kh1 Qe1+ 67. Kh2 Qd2+ 68. Kh1 Qe1+ 69. Kh2 $11) 55... Kf5) 53. Kd2 $18 Kg6 {[#]} 54. Kc1 $1 Kg7 {[#]} 55. Kb2 $2 (55. h8=Q+ $1 $18 {[%mdl 512]} Rxh8 56. Rxh8 Kxh8 57. Kxc2) 55... Rh8 $2 {[%mdl 8192]} (55... Kh8 $11 {and Black is okay.}) 56. Kxc2 Kg6 $2 (56... Rc8+ 57. Kd3 Kh8) 57. Kb3 Kg7 58. a4 Rb8 59. axb5 axb5 {Precision: White = 50%, Black = 39%.} 1-0

[Event "IIFL Wealth 4th Mumbai GM"]
[Site "Mumbai"]
[Date "2019.01.07"]
[Round "9"]
[White "Manik, Mikulas"]
[Black "Prraneeth Vuppala"]
[Result "1/2-1/2"]
[WhiteElo "2410"]
[BlackElo "2228"]
[Annotator "TA"]
[PlyCount "222"]
[EventDate "2018.12.30"]
[EventType "swiss"]
[EventCountry "IND"]
[SourceTitle "playchess.com"]
[Source "ChessBase"]
[SourceQuality "1"]

{[%evp 20,222,48,47,49,52,58,0,63,52,72,71,79,77,75,75,133,125,175,196,173,174,163,151,141,135,129,115,130,127,243,167,169,158,162,166,164,169,162,150,147,143,148,153,161,150,163,120,107,118,175,174,174,174,182,181,181,174,174,174,174,174,174,174,174,174,174,174,174,174,174,174,181,174,174,174,174,174,174,174,174,174,174,174,174,174,325,65,65,56,51,0,65,65,65,51,65,65,65,65,65,65,65,65,65,65,63,52,53,18,32,19,42,8,8,8,8,8,38,0,0,0,0,0,0,0,8,0,62,8,65,65,65,58,58,8,57,0,0,0,0,0,0,0,0,0,0,0,0,0,0,0,0,0,0,0,0,0,0,0,0,0,0,0,0,0,0,0,0,0,0,0,0,0,0,0,0,0,0,0,0,0,0,0,0,0,0,0,0,0,0,0,0,0,0,0,0,0,0,0,0,0,0,0,0]} 1. e4 c5 2. Nf3 d6 3. Bb5+ Nd7 4. O-O Ngf6 5. Re1 a6 6. Bf1 b6 7. d4 cxd4 8. Nxd4 Bb7 9. c4 {B51: Sicilian: Moscow Variation (3 Bb5+) without 3...Bd7} (9. f3 e6 10. c4 Be7 11. Nc3 O-O 12. Be3 Rc8 13. Rc1 Qc7 14. Qd2 Qb8 15. b4 Bd8 16. Kh1 Bc7 17. Na4 {0-1 (30) Kovalev,V (2641)-Adhiban,B (2670) Khanty-Mansiysk 2017}) 9... g6 10. Nc3 Bg7 11. Bg5 {LiveBook: 3 Games. White is slightly better.} h6 12. Bh4 O-O 13. Qd2 (13. f3 $14) 13... Rc8 (13... Nc5 $1 $11) 14. f3 $146 ({Predecessor:} 14. Rad1 Re8 15. f3 Kh7 16. Kh1 Qc7 17. Nd5 Qb8 18. Nc2 Bc6 19. Ncb4 Bb7 20. b3 a5 21. Nc2 Ba8 22. Nd4 {1-0 (22) Zeller,F (2445)-Link,M (2270) Schwaebisch Gmuend 1999}) 14... Rc5 15. Rad1 Qa8 16. Nd5 {aiming for b4.} Re8 17. a4 Nxd5 (17... Qb8 $142) 18. exd5 $16 ({Don't take} 18. cxd5 Rc7 $14) 18... Ne5 19. b3 Qd8 20. f4 Ng4 21. Be2 Nf6 22. Bf3 b5 23. axb5 axb5 24. Nxb5 Nxd5 (24... Bxd5 $16 {keeps fighting.} 25. Bxd5 (25. cxd5 Rxb5 26. Re3 Qb6 $11) 25... Nxd5) 25. Bxd5 Bxd5 26. Bf2 Bxc4 27. bxc4 Rxc4 28. Qe2 Rc8 29. Bd4 Bxd4+ 30. Nxd4 e5 31. fxe5 dxe5 32. Nf5 Qb6+ 33. Qe3 Qxe3+ 34. Nxe3 Red8 (34... Kg7 $16 35. Rd7 Rcd8) 35. Rxd8+ Rxd8 $18 {[%mdl 4096] Endgame KRN-KR} 36. Ng4 Kg7 37. Nxe5 Rd2 38. Rf1 f6 39. Nf3 Ra2 40. g3 g5 41. Rf2 Ra1+ 42. Kg2 Kg6 43. Nd4 h5 44. Rd2 Ra3 45. Kf2 Rc3 46. Nf3 Ra3 47. Ke2 Ra1 48. Rd6 Kf5 49. Kf2 Ra3 50. h3 Ra2+ 51. Rd2 Ra4 52. Re2 g4 $2 (52... Kg6 {is a better defense.} 53. Rb2 Ra3) 53. hxg4+ $2 (53. Nh4+ $18 Kg5 54. Kg2) 53... Kxg4 $14 54. Nh2+ Kh3 $1 55. Nf3 Kg4 56. Kg2 {Strongly threatening Nh2+.} f5 $1 {[%cal Bf6f5,Bf5f4][%mdl 32]} 57. Ne5+ Kg5 58. Kh3 f4 $1 59. Nf3+ Kf6 60. g4 hxg4+ 61. Kxg4 Rb4 62. Re5 Ra4 63. Rb5 Ke6 64. Kg5 Kd6 65. Rf5 Kc6 66. Kf6 Kb6 67. Ke6 Rc4 68. Ne5 Rc1 69. Rxf4 Rd1 70. Rc4 Kb5 71. Rc8 Kb4 72. Kf5 Rf1+ 73. Ke4 Re1+ (73... Rh1 $11) 74. Kd4 {[#] White wants to mate with Nd3+.} Rd1+ ({Better is} 74... Kb3 $1 $11) 75. Nd3+ Kb5 76. Rc3 Rh1 77. Nf2 Rh8 78. Ne4 ({White should try} 78. Rb3+ $1 $14 Kc6 79. Rg3) 78... Rd8+ $11 {The position is equal.} 79. Ke5 Re8+ 80. Kd5 {[#] Threatening mate with Nd6+.} Rd8+ 81. Nd6+ Kb4 82. Rc6 Rh8 83. Rb6+ Kc3 84. Ne4+ Kd3 85. Rb3+ Ke2 86. Ng3+ Kd2 87. Nf5 Rd8+ 88. Ke4 Re8+ 89. Kf4 Rf8 90. Rh3 Ra8 91. Nd6 Ra4+ 92. Ne4+ Kc2 93. Ke5 Ra8 94. Kd5 Rd8+ 95. Kc4 Rc8+ 96. Nc5 Kd2 97. Ra3 Ke2 98. Kd4 Rd8+ 99. Ke5 Re8+ 100. Ne6 Rh8 101. Ke4 Rh4+ 102. Nf4+ Kd2 103. Rf3 Rh8 104. Ng6 Re8+ 105. Ne5 Ra8 106. Rd3+ Kc2 107. Ke3 Re8 108. Rd5 Kc3 109. Ke4 Rh8 110. Rc5+ Kb4 111. Nd3+ Kb3 {Accuracy: White = 65%, Black = 70%.} 1/2-1/2

[Event "IIFL Wealth 4th Mumbai GM"]
[Site "Mumbai"]
[Date "2019.01.07"]
[Round "9"]
[White "Sardana, Rishi"]
[Black "Muthaiah AL"]
[Result "1-0"]
[WhiteElo "2398"]
[BlackElo "2408"]
[Annotator "RC"]
[PlyCount "143"]
[EventDate "2018.12.30"]
[EventType "swiss"]
[EventCountry "IND"]
[SourceTitle "playchess.com"]
[Source "ChessBase"]
[SourceQuality "1"]
[TimeControl "40/5400+30:1800+30"]

1. e4 {[%emt 0:00:00]} c5 {[%emt 0:09:23]} 2. Nf3 {[%emt 0:00:00]} d6 {[%emt 0:00:25]} 3. Bb5+ {[%emt 0:00:00]} Bd7 {[%emt 0:00:07]} 4. Bxd7+ {[%emt 0:00:02]} Qxd7 {[%emt 0:00:07]} 5. c4 {[%emt 0:00:07]} g6 {[%emt 0:00:17]} 6. Nc3 {[%emt 0:00:08]} Bg7 {[%emt 0:00:06]} 7. d4 {[%emt 0:00:06]} cxd4 {[%emt 0:00:06]} 8. Nxd4 {[%emt 0:00:06]} Nc6 {[%emt 0:00:09]} 9. Be3 {[%emt 0:00:07]} Nf6 {[%emt 0:00:06]} 10. f3 {[%emt 0:00:09]} O-O {[%emt 0:01:47]} 11. b3 {[%emt 0:00:46]} e6 {[%emt 0:00:16]} 12. Rc1 {[%emt 0:00:41]} Rfd8 {[%emt 0:02:42]} 13. O-O {[%emt 0:00:59]} d5 {[%emt 0:01:22]} 14. cxd5 {[%emt 0:26:18]} exd5 {[%emt 0:02:11]} 15. Nxc6 {[%emt 0:00:45]} bxc6 {[%emt 0:00:38]} 16. e5 {[%emt 0:00:40]} Ne8 {[%emt 0:01:13]} 17. Bd4 {[%emt 0:05:03]} Nc7 {[%emt 0:12:02]} 18. Na4 {[%emt 0:01:58]} Ne6 {[%emt 0:00:15]} 19. f4 {[%emt 0:02:54]} Bh6 {[%emt 0:24:29]} 20. g3 {[%emt 0:04:22]} Rac8 {[%emt 0:01:25]} 21. Qd2 {[%emt 0:07:58]} Qe7 {[%emt 0:04:36]} 22. Nc5 {[%emt 0:06:03]} Nxd4 {[%emt 0:01:14]} 23. Qxd4 {[%emt 0:00:07]} Bg7 {[%emt 0:00:17]} 24. Rfe1 {[%emt 0:08:09]} f6 {[%emt 0:01:15]} 25. Rc2 {[%emt 0:15:19]} fxe5 {[%emt 0:08:43]} 26. fxe5 {[%emt 0:00:02]} Re8 {[%emt 0:04:18]} 27. Nd3 {[%emt 0:00:07]} Qc7 {[%emt 0:07:42]} 28. Kg2 {[%emt 0:05:37]} Re6 {[%emt 0:06:26]} 29. b4 {[%emt 0:06:12]} Qb8 {[%emt 0:02:51]} 30. a4 {[%emt 0:01:44]} Rce8 {[%emt 0:06:14]} 31. Rce2 {[%emt 0:04:47]} Qb6 {[%emt 0:00:55]} 32. Qxb6 {[%emt 0:01:45]} axb6 {[%emt 0:00:01]} 33. b5 {[%emt 0:02:07]} cxb5 {[%emt 0:00:23]} 34. axb5 {[%emt 0:00:02]} Kf7 {[%emt 0:00:47]} 35. Rf2+ {[%emt 0:00:23]} Ke7 {[%emt 0:00:26]} 36. Ra2 {[%emt 0:01:38]} Kf8 {[%emt 0:00:43]} 37. Rf2+ {[%emt 0:00:02]} Ke7 {[%emt 0:00:18]} 38. Nb4 {[%emt 0:00:34]} Rxe5 {[%emt 0:00:25]} 39. Nc6+ {[%emt 0:00:16]} Kd6 {[%emt 0:00:06]} 40. Nxe5 {[%emt 0:00:00]} Bxe5 {[%emt 0:00:00]} 41. Rf7 {[%emt 0:09:06]} h5 42. Rc1 Bd4 {[%emt 0:13:41]} 43. Rc6+ {[%emt 0:03:54]} Ke5 {[%emt 0:00:01]} 44. Rxg6 {[%emt 0:02:11]} Ke4 {[%emt 0:00:40]} 45. Rf4+ {[%emt 0:04:17]} Kd3 {[%emt 0:00:52]} 46. Rg5 {[%emt 0:00:43]} Rd8 {[%emt 0:01:56]} 47. Rff5 {[%emt 0:00:35]} Kc4 {[%emt 0:00:17]} 48. Rxh5 {[%emt 0:01:13]} Bc5 {[%emt 0:03:09]} 49. Kf3 {[%emt 0:01:11]} d4 {[%emt 0:01:44]} 50. Ke4 {[%emt 0:01:24]} Ra8 {[%emt 0:02:17]} 51. Rd5 {[%emt 0:03:37]} Ra2 {[%emt 0:07:17]} 52. Rd7 {[%emt 0:00:19]} Re2+ {[%emt 0:01:03]} 53. Kf3 {[%emt 0:00:17]} d3 {[%emt 0:00:48]} 54. Rhd5 {[%emt 0:00:34]} Rf2+ {[%emt 0:00:20]} 55. Ke4 {[%emt 0:01:25]} Rxh2 {[%emt 0:01:30]} 56. Rxd3 {[%emt 0:00:20]} Kxb5 {[%emt 0:01:25]} 57. g4 {[%emt 0:00:55]} Kc4 {[%emt 0:00:55]} 58. Rd2 {[%emt 0:01:01]} Rh1 {[%emt 0:00:59]} 59. Rc2+ {[%emt 0:00:13]} Kb3 {[%emt 0:00:17]} 60. Rdd2 {[%emt 0:01:32]} Re1+ {[%emt 0:02:29]} 61. Re2 {[%emt 0:00:17]} Rd1 {[%emt 0:00:24]} 62. Rcd2 {[%emt 0:01:19]} Rg1 {[%emt 0:00:30]} 63. Rg2 {[%emt 0:00:20]} Re1+ {[%emt 0:00:04]} 64. Rde2 {[%emt 0:00:10]} Rd1 {[%emt 0:00:07]} 65. g5 {[%emt 0:00:44]} Rd8 {[%emt 0:00:59]} 66. g6 {[%emt 0:01:02]} Rg8 {[%emt 0:00:06]} 67. Ke5 {[%emt 0:01:29]} b5 {[%emt 0:00:22]} 68. Kd5 {[%emt 0:00:48]} Bb4 {[%emt 0:01:07]} 69. Kc6 {[%emt 0:00:18]} Ka4 {[%emt 0:00:59]} 70. Re4 {[%emt 0:01:47]} Rc8+ {[%emt 0:01:11]} 71. Kd7 {[%emt 0:00:58]} Rg8 {[%emt 0:00:08]} 72. Rgg4 {[%emt 0:00:15]} 1-0